[Event "MNE-chT 2nd League"]
[Site "Cetinje"]
[Date "2022.10.16"]
[Round "5"]
[White "Nikac, Predrag"]
[Black "Zaitsev, Mikhail V"]
[Result "1/2-1/2"]
[WhiteElo "2284"]
[BlackElo "2405"]
[PlyCount "51"]
[EventDate "2022.10.14"]
[EventType "team-tourn"]
[EventRounds "5"]
[EventCountry "MNE"]
[SourceTitle "EXT 2024"]
[Source "ChessBase"]
[SourceDate "2023.10.10"]
[SourceVersion "1"]
[SourceVersionDate "2023.10.10"]
[SourceQuality "1"]
[WhiteTeam "Zora"]
[BlackTeam "Bar Mornar"]
[WhiteTeamCountry "MNE"]
[BlackTeamCountry "MNE"]

1. e4 c5 2. Nf3 e6 3. d4 cxd4 4. Nxd4 Nc6 5. Nc3 Qc7 6. Be2 Nf6 7. 0-0 a6 8. Kh1 Be7 9. f4 d6 10. Bf3 0-0 11. Be3 Rb8 12. Qe1 Nxd4 13. Bxd4 b5 14. e5 Ne8 15. f5 dxe5 16. Bxe5 Bd6 17. Bxd6 Qxd6 18. Rd1 Qc7 19. fxe6 Bxe6 20. Bd5 Rb6 21. Qh4 Nf6 22. Rxf6 gxf6 23. Be4 f5 24. Qg5+ Kh8 25. Qf6+ Kg8 26. Qg5+ 1/2-1/2

[Event "MNE-chT 2nd League"]
[Site "Cetinje"]
[Date "2022.10.15"]
[Round "3"]
[White "Cimbaljevic, Aleksandar"]
[Black "Zaitsev, Mikhail V"]
[Result "0-1"]
[WhiteElo "1711"]
[BlackElo "2405"]
[PlyCount "80"]
[EventDate "2022.10.14"]
[EventType "team-tourn"]
[EventRounds "5"]
[EventCountry "MNE"]
[SourceTitle "EXT 2024"]
[Source "ChessBase"]
[SourceDate "2023.10.10"]
[SourceVersion "1"]
[SourceVersionDate "2023.10.10"]
[SourceQuality "1"]
[WhiteTeam "Gambit"]
[BlackTeam "Bar Mornar"]
[WhiteTeamCountry "MNE"]
[BlackTeamCountry "MNE"]

1. d4 d5 2. Nf3 c6 3. Bf4 Nf6 4. e3 Nbd7 5. Nbd2 g6 6. c4 Bg7 7. Be2 0-0 8. h3 c5 9. 0-0 cxd4 10. Nxd4 e5 11. Bxe5 Nxe5 12. c5 Re8 13. b4 a6 14. Rb1 Ne4 15. Nxe4 dxe4 16. Qc2 Nc6 17. Rfd1 Qg5 18. Kh1 Be5 19. a4 Bb8 20. Bf1 Qe5 21. g3 Qh5 22. Kh2 Nxd4 23. Rxd4 Qe5 24. Rbd1 Bc7 25. Bg2 Bf5 26. Rd5 Qe7 27. b5 axb5 28. axb5 Rac8 29. c6 bxc6 30. bxc6 h5 31. h4 Qxh4+ 32. Kg1 Qf6 33. R5d4 h4 34. gxh4 Qxh4 35. Kf1 Bh3 36. Bxh3 Qxh3+ 37. Ke2 Qf3+ 38. Ke1 Re5 39. Rd5 Qh1+ 40. Ke2 Qh5+ 0-1

[Event "Pardubice Czech op"]
[Site "Pardubice"]
[Date "2007.07.26"]
[Round "7"]
[White "Sabol, Marian"]
[Black "Zaitsev, Mikhail V"]
[Result "1-0"]
[WhiteElo "2285"]
[BlackElo "2422"]
[PlyCount "147"]
[EventDate "2007.07.20"]
[EventType "swiss"]
[EventRounds "9"]
[EventCountry "CZE"]
[SourceTitle "CBM 119 Extra"]
[Source "ChessBase"]
[SourceDate "2007.09.04"]
[SourceVersion "1"]
[SourceVersionDate "2007.09.04"]
[SourceQuality "1"]

1. d4 d5 2. Nf3 e6 3. g3 Nf6 4. Bg2 Be7 5. 0-0 0-0 6. c4 c6 7. Nc3 Nbd7 8. b3 b6 9. Bb2 Bb7 10. Rc1 Rc8 11. Qd3 Rc7 12. h3 Qa8 13. Ne5 Nxe5 14. dxe5 dxc4 15. Qxc4 Nd7 16. Qf4 Rd8 17. Rfd1 Nf8 18. Ne4 Ng6 19. Qg4 c5 20. Rxd8+ Qxd8 21. h4 Bxe4 22. Bxe4 Qd2 23. Rc2 Qd1+ 24. Kg2 Rd7 25. h5 Nf8 26. Qf4 h6 27. Qe3 Qb1 28. Bc1 Qa1 29. f4 Rd1 30. a4 f5 31. Bf3 Kf7 32. Qc3 Qxc3 33. Rxc3 Rd4 34. Kf2 Rd8 35. e3 Nd7 36. Ke2 Nb8 37. Rd3 Rc8 38. e4 Nc6 39. Bb2 fxe4 40. Bxe4 Nd4+ 41. Bxd4 cxd4 42. Bg6+ Kf8 43. Rxd4 Rd8 44. Rc4 Bc5 45. a5 Ke7 46. axb6 Bxb6 47. Bd3 Rd7 48. Rc8 Bd8 49. Bc4 Rc7 50. Rb8 Rd7 51. g4 Rd4 52. Ke3 Rd7 53. Kf3 Rc7 54. Bxe6 Rc3+ 55. Ke4 Kxe6 56. Rxd8 Rxb3 57. Rd6+ Ke7 58. Kf5 Rb7 59. Ra6 Kf7 60. g5 hxg5 61. Kxg5 Rc7 62. h6 Kg8 63. hxg7 Rxg7+ 64. Kf5 Rf7+ 65. Ke4 Rb7 66. f5 Kf7 67. Kf4 Re7 68. Rh6 Kg8 69. f6 Rb7 70. e6 Rb8 71. Kf5 Rb1 72. f7+ Kg7 73. Rg6+ Kh7 74. Rf6 1-0

[Event "Pardubice Czech op"]
[Site "Pardubice"]
[Date "2007.07.23"]
[Round "4"]
[White "Zaitsev, Mikhail V"]
[Black "Polzin, Rainer"]
[Result "0-1"]
[WhiteElo "2422"]
[BlackElo "2505"]
[PlyCount "86"]
[EventDate "2007.07.20"]
[EventType "swiss"]
[EventRounds "9"]
[EventCountry "CZE"]
[SourceTitle "CBM 119 Extra"]
[Source "ChessBase"]
[SourceDate "2007.09.04"]
[SourceVersion "1"]
[SourceVersionDate "2007.09.04"]
[SourceQuality "1"]

1. d4 Nf6 2. c4 g6 3. Nc3 Bg7 4. e4 d6 5. Nf3 0-0 6. Be2 e5 7. d5 Nbd7 8. Be3 Ng4 9. Bd2 f5 10. exf5 gxf5 11. Ng5 Nc5 12. h3 Nf6 13. b4 Na6 14. g4 Qe7 15. Qc2 e4 16. a3 c5 17. b5 Nc7 18. Be3 h6 19. Ne6 Bxe6 20. dxe6 Nxe6 21. gxf5 Nd4 22. Qa2 Qe5 23. 0-0-0 Nxf5 24. Qd2 Nd7 25. Qd5+ Qxd5 26. Nxd5 Nxe3 27. fxe3 Rf2 28. Bg4 Ne5 29. Be6+ Kh8 30. Nf4 Ra2 31. Bf5 Rxa3 32. Bxe4 Rxe3 33. Bxb7 Rf8 34. Rhf1 Rc3+ 35. Kb1 Rxc4 36. Nd5 Rb8 37. Ba6 Ra4 38. Nc7 Nc4 39. Rf3 Ra1+ 40. Kc2 Ra2+ 41. Kb3 Ra3+ 42. Kxc4 Rxf3 43. Rxd6 Rc3+ 0-1

[Event "Pardubice Czech op"]
[Site "Pardubice"]
[Date "2007.07.22"]
[Round "3"]
[White "Vedrickas, Tautvydas"]
[Black "Zaitsev, Mikhail V"]
[Result "0-1"]
[WhiteElo "2235"]
[BlackElo "2422"]
[PlyCount "72"]
[EventDate "2007.07.20"]
[EventType "swiss"]
[EventRounds "9"]
[EventCountry "CZE"]
[SourceTitle "CBM 119 Extra"]
[Source "ChessBase"]
[SourceDate "2007.09.04"]
[SourceVersion "1"]
[SourceVersionDate "2007.09.04"]
[SourceQuality "1"]

1. d4 d5 2. c4 e6 3. Nc3 c6 4. Nf3 dxc4 5. a4 Bb4 6. e3 b5 7. Be2 a6 8. Ne5 Nf6 9. 0-0 Bb7 10. Bf3 Qb6 11. Bd2 Bd6 12. b3 cxb3 13. Qxb3 Bxe5 14. dxe5 Nfd7 15. axb5 Nxe5 16. Na4 Nxf3+ 17. gxf3 Qxb5 18. Rfb1 Nd7 19. Qa3 Qg5+ 20. Kf1 Ra7 21. h4 Qd5 22. Rd1 Qxf3 23. Ba5 c5 24. Nxc5 Qh1+ 25. Ke2 Bf3+ 26. Kd2 Bxd1 27. Rxd1 Qc6 28. Nd3 f6 29. Rc1 Qa8 30. Qd6 Kf7 31. Nf4 Re8 32. Bc7 Re7 33. Nxe6 Rxe6 34. Qxd7+ Re7 35. Qd6 Qc8 36. Bd8 Red7 0-1

[Event "Moscow-ch op sf"]
[Site "Moscow"]
[Date "2007.03.21"]
[Round "8"]
[White "Zaitsev, Mikhail V"]
[Black "Sambuev, Bator"]
[Result "0-1"]
[WhiteElo "2394"]
[BlackElo "2485"]
[PlyCount "64"]
[EventDate "2007.03.05"]
[EventType "swiss"]
[EventRounds "9"]
[EventCountry "RUS"]
[SourceTitle "EXT 2022"]
[Source "ChessBase"]
[SourceDate "2021.10.06"]
[SourceVersion "1"]
[SourceVersionDate "2021.10.06"]
[SourceQuality "1"]

1. d4 Nf6 2. c4 e6 3. Nf3 b6 4. g3 Ba6 5. b3 b5 6. cxb5 Bxb5 7. Bg2 Bc6 8. 0-0 a5 9. Nc3 Bb4 10. Qc2 0-0 11. Bg5 Ra7 12. Rfe1 a4 13. bxa4 Bxc3 14. Bxf6 Qxf6 15. Qxc3 Be4 16. Ne5 Bxg2 17. Kxg2 d6 18. Nf3 c5 19. Rec1 Nd7 20. dxc5 Qxc3 21. Rxc3 Nxc5 22. Rb1 Rxa4 23. a3 Ne4 24. Rd3 d5 25. Rb6 Re8 26. Nd4 h6 27. f3 Nc5 28. Rc3 Rxd4 29. Rxc5 Rd2 30. Kf2 Ra2 31. Rb3 Ra8 32. Rcc3 g5 0-1

[Event "Moscow-ch op sf"]
[Site "Moscow"]
[Date "2007.03.19"]
[Round "7"]
[White "Nikolenko, Oleg"]
[Black "Zaitsev, Mikhail V"]
[Result "1/2-1/2"]
[WhiteElo "2516"]
[BlackElo "2394"]
[PlyCount "39"]
[EventDate "2007.03.05"]
[EventType "swiss"]
[EventRounds "9"]
[EventCountry "RUS"]
[SourceTitle "EXT 2022"]
[Source "ChessBase"]
[SourceDate "2021.10.06"]
[SourceVersion "1"]
[SourceVersionDate "2021.10.06"]
[SourceQuality "1"]

1. e4 c5 2. Nf3 e6 3. d4 cxd4 4. Nxd4 Nc6 5. Nc3 Qc7 6. Be2 Nf6 7. 0-0 a6 8. Be3 Be7 9. f4 d6 10. a4 0-0 11. Kh1 Re8 12. Bd3 Nxd4 13. Bxd4 e5 14. Bg1 Bg4 15. Qd2 Be6 16. f5 Bc4 17. a5 Qc6 18. Ra4 d5 19. Bxc4 dxc4 20. Qe2 1/2-1/2

[Event "Moscow-ch op sf"]
[Site "Moscow"]
[Date "2007.03.10"]
[Round "3"]
[White "Ulko, Jaroslav"]
[Black "Zaitsev, Mikhail V"]
[Result "0-1"]
[WhiteElo "2460"]
[BlackElo "2394"]
[PlyCount "57"]
[EventDate "2007.03.05"]
[EventType "swiss"]
[EventRounds "9"]
[EventCountry "RUS"]
[SourceTitle "EXT 2022"]
[Source "ChessBase"]
[SourceDate "2021.10.06"]
[SourceVersion "1"]
[SourceVersionDate "2021.10.06"]
[SourceQuality "1"]

1. d4 d5 2. c4 e6 3. Nf3 Nf6 4. Nc3 Nbd7 5. Bg5 c6 6. e3 Qa5 7. cxd5 Nxd5 8. Qd2 Bb4 9. Rc1 h6 10. Bh4 c5 11. Bd3 cxd4 12. exd4 b6 13. 0-0 0-0 14. Rfe1 Ba6 15. Bb1 Rfc8 16. Qc2 Kf8 17. Re3 Nxe3 18. fxe3 Bd6 19. Qf2 Qh5 20. Rd1 Bb7 21. Ne4 Bxe4 22. Bxe4 Rab8 23. Rf1 Rc7 24. a3 f5 25. Bd3 Rbc8 26. Ba6 Rc2 27. Bxc8 Rxf2 28. Bxf2 Qe8 29. Rc1 0-1

[Event "Moscow-ch op sf"]
[Site "Moscow"]
[Date "2007.03.07"]
[Round "2"]
[White "Zaitsev, Mikhail V"]
[Black "Titievsky, Vladimir"]
[Result "1-0"]
[WhiteElo "2394"]
[BlackElo "2184"]
[PlyCount "49"]
[EventDate "2007.03.05"]
[EventType "swiss"]
[EventRounds "9"]
[EventCountry "RUS"]
[SourceTitle "EXT 2022"]
[Source "ChessBase"]
[SourceDate "2021.10.06"]
[SourceVersion "1"]
[SourceVersionDate "2021.10.06"]
[SourceQuality "1"]

1. d4 f5 2. c4 e6 3. Nf3 Nf6 4. Nc3 d5 5. Bf4 c6 6. e3 Be7 7. Bd3 0-0 8. h3 b6 9. g4 Na6 10. Ne5 Nb4 11. Be2 Qe8 12. a3 Na6 13. gxf5 exf5 14. Qa4 Nb8 15. cxd5 cxd5 16. Qxe8 Rxe8 17. Bb5 Bd7 18. Nxd7 Nbxd7 19. Bc6 Rac8 20. Bb7 Rc4 21. Kd2 g5 22. Bxg5 Ne4+ 23. Nxe4 fxe4 24. Bxd5+ Kf8 25. Bh6# 1-0

[Event "Moscow-ch op sf"]
[Site "Moscow"]
[Date "2007.03.05"]
[Round "1"]
[White "Aliekhin, Vladislav Alekseevi"]
[Black "Zaitsev, Mikhail V"]
[Result "0-1"]
[WhiteElo "2075"]
[BlackElo "2394"]
[PlyCount "70"]
[EventDate "2007.03.05"]
[EventType "swiss"]
[EventRounds "9"]
[EventCountry "RUS"]
[SourceTitle "EXT 2022"]
[Source "ChessBase"]
[SourceDate "2021.10.06"]
[SourceVersion "1"]
[SourceVersionDate "2021.10.06"]
[SourceQuality "1"]

1. Nf3 d5 2. d4 e6 3. c4 c6 4. cxd5 exd5 5. Nc3 Bf5 6. e3 Nf6 7. Bd3 Bxd3 8. Qxd3 Bd6 9. 0-0 0-0 10. a3 a5 11. Bd2 Qe7 12. h3 Nbd7 13. a4 Ne4 14. Ne1 Bc7 15. f4 Nxc3 16. bxc3 Nb6 17. Nf3 Nc4 18. Rfe1 Qe4 19. Qe2 Rae8 20. Kf2 b6 21. Bc1 Qf5 22. Qd1 Bd6 23. Ra2 f6 24. Qc2 Re4 25. g4 Qe6 26. Qd3 Re8 27. Rae2 h5 28. Nd2 Nxd2 29. Bxd2 hxg4 30. hxg4 Qxg4 31. Rg1 Qf5 32. Ke1 Bxf4 33. Kd1 Bg5 34. Ree1 Qd7 35. Rg3 Bh4 0-1

[Event "RUS Cup Qualifier 3"]
[Site "chessassistantclub.com INT"]
[Date "2004.10.21"]
[Round "?"]
[White "Potapov, Alexander"]
[Black "Zaitsev, Mikhail V"]
[Result "0-1"]
[WhiteElo "2293"]
[BlackElo "2401"]
[PlyCount "26"]
[EventDate "2004.10.21"]
[EventType "swiss (blitz)"]
[EventRounds "13"]
[EventCountry "RUS"]
[SourceTitle "EXT 2006"]
[Source "ChessBase"]
[SourceDate "2005.11.24"]
[SourceVersion "1"]
[SourceVersionDate "2005.11.24"]
[SourceQuality "1"]

1. e4 c5 2. Nf3 e6 3. Nc3 Nc6 4. d4 cxd4 5. Nxd4 Qc7 6. g3 a6 7. Bg2 Nf6 8. 0-0 d6 9. h3 Bd7 10. Nde2 Be7 11. g4 Bc8 12. Be3 0-0 13. a4 b6 0-1

[Event "RUS Cup Qualifier 3"]
[Site "chessassistantclub.com INT"]
[Date "2004.10.21"]
[Round "?"]
[White "Timofeev, Artyom"]
[Black "Zaitsev, Mikhail V"]
[Result "0-1"]
[WhiteElo "2575"]
[BlackElo "2401"]
[PlyCount "144"]
[EventDate "2004.10.21"]
[EventType "swiss (blitz)"]
[EventRounds "13"]
[EventCountry "RUS"]
[SourceTitle "EXT 2006"]
[Source "ChessBase"]
[SourceDate "2005.11.24"]
[SourceVersion "1"]
[SourceVersionDate "2005.11.24"]
[SourceQuality "1"]

1. e4 c5 2. Nf3 e6 3. d3 Nc6 4. g3 g6 5. Bg2 Bg7 6. 0-0 Nge7 7. Re1 0-0 8. c3 d6 9. a3 b6 10. Be3 Qd7 11. Nbd2 Ba6 12. Nf1 Rac8 13. h4 Rfd8 14. N1h2 e5 15. c4 Bb7 16. Rb1 a5 17. b3 Rf8 18. Qd2 f5 19. Bh6 f4 20. Bxg7 Kxg7 21. g4 Nd8 22. Bh3 Ra8 23. Kg2 Bc8 24. Ng1 g5 25. hxg5 Ng6 26. Nhf3 Ne6 27. b4 axb4 28. axb4 Qe7 29. bxc5 bxc5 30. Rb6 Nxg5 31. Nxg5 Nh4+ 32. Kh1 Qxg5 33. f3 Rf6 34. Qb2 Rh6 35. Rb7+ Kh8 36. Rb8 Rxb8 37. Qxb8 Qg8 38. Ra1 Nxf3 39. Ra8 Nxg1 40. Qxc8 Qxc8 41. Rxc8+ Kg7 42. Kxg1 Rxh3 43. Rd8 Rxd3 44. Rd7+ Kg6 45. Kf2 h6 46. Ke2 Re3+ 47. Kd2 Rxe4 48. Rxd6+ Kg5 49. Kc3 Kxg4 50. Rxh6 f3 51. Rg6+ Kf5 52. Rg8 Rf4 53. Rg1 f2 54. Rf1 Ke4 55. Kd2 Kd4 56. Ke2 Kxc4 57. Rc1+ Kd5 58. Kf1 e4 59. Rd1+ Ke5 60. Rc1 Kd6 61. Rd1+ Kc6 62. Rc1 e3 63. Rb1 Rg4 64. Ke2 Rg1 65. Rf1 Rxf1 66. Kxf1 c4 67. Ke2 c3 68. Kf1 c2 69. Ke2 c1Q 70. Kd3 f1Q+ 71. Ke4 Qcc4+ 72. Ke5 Qff4# 0-1

[Event "RUS Cup Qualifier 3"]
[Site "chessassistantclub.com INT"]
[Date "2004.10.21"]
[Round "?"]
[White "Zaitsev, Mikhail V"]
[Black "Chuprov, Dmitry"]
[Result "0-1"]
[WhiteElo "2401"]
[BlackElo "2465"]
[PlyCount "64"]
[EventDate "2004.10.21"]
[EventType "swiss (blitz)"]
[EventRounds "13"]
[EventCountry "RUS"]
[SourceTitle "EXT 2006"]
[Source "ChessBase"]
[SourceDate "2005.11.24"]
[SourceVersion "1"]
[SourceVersionDate "2005.11.24"]
[SourceQuality "1"]

1. d4 Nf6 2. c4 g6 3. Nc3 Bg7 4. e4 d6 5. Nf3 0-0 6. Be2 e5 7. d5 a5 8. h3 Na6 9. Bg5 h6 10. Be3 Nh5 11. Nd2 Nf4 12. Bf1 g5 13. g3 Bd7 14. h4 Nb4 15. Ndb1 f5 16. a3 Na6 17. hxg5 hxg5 18. Nd2 Ng2+ 19. Bxg2 f4 20. gxf4 exf4 21. e5 fxe3 22. Nde4 exf2+ 23. Kf1 Bf5 24. Qh5 Qe8 25. Qxg5 Qxe5 26. Bh3 Nc5 27. Bxf5 Rxf5 28. Qg4 Re8 29. Ng3 Rg5 30. Qh4 Qxg3 31. Qh7+ Kf8 32. Qh2 Re1+ 0-1

[Event "RUS Cup Qualifier 3"]
[Site "chessassistantclub.com INT"]
[Date "2004.10.21"]
[Round "?"]
[White "Zaitsev, Mikhail V"]
[Black "Gabrielian, Artur"]
[Result "0-1"]
[WhiteElo "2401"]
[BlackElo "2459"]
[PlyCount "132"]
[EventDate "2004.10.21"]
[EventType "swiss (blitz)"]
[EventRounds "13"]
[EventCountry "RUS"]
[SourceTitle "EXT 2006"]
[Source "ChessBase"]
[SourceDate "2005.11.24"]
[SourceVersion "1"]
[SourceVersionDate "2005.11.24"]
[SourceQuality "1"]

1. d4 Nf6 2. c4 c5 3. d5 e6 4. Nc3 exd5 5. cxd5 d6 6. e4 g6 7. Nge2 Bg7 8. Ng3 0-0 9. Be2 a6 10. a4 Nbd7 11. 0-0 Rb8 12. Be3 Qc7 13. Qd2 c4 14. Rfc1 b5 15. axb5 axb5 16. b4 h5 17. h3 h4 18. Nh1 Re8 19. f3 Ne5 20. Nf2 Nh5 21. Ra7 Qd8 22. f4 Nd3 23. Nxd3 cxd3 24. Bxd3 Ng3 25. Bf2 Bd7 26. Re1 Rc8 27. Rc1 Re7 28. e5 dxe5 29. Bc5 exf4 30. Bxe7 Qb6+ 31. Bc5 Rxc5 32. bxc5 Qxc5+ 33. Kh2 Qxa7 34. Nxb5 Qb8 35. Qc2 f3 36. Qc7 Qxc7 37. Rxc7 Bxb5 38. Bxb5 f2 39. d6 Be5 40. Rc8+ Kg7 41. Rc1 Bxd6 42. Bc4 f5 43. Rd1 Be5 44. Rb1 Kf6 45. Rd1 Kg5 46. Rc1 Nf1+ 47. Kh1 Ng3+ 48. Kh2 Ne2+ 49. Kh1 Nc3 50. Rf1 Bg3 51. Ba6 Ne4 52. Bb5 Kf4 53. Bc4 g5 54. Bb5 g4 55. hxg4 fxg4 56. Bc4 Nd2 57. Bb5 Nxf1 58. Bxf1 Ke3 59. Bc4 Kd2 60. Bf1 Ke1 61. Bc4 Bf4 62. g3 Bxg3 63. Kg2 f1Q+ 64. Bxf1 h3+ 65. Kg1 Bf2+ 66. Kh2 Kxf1 0-1

[Event "RUS Cup Qualifier 3"]
[Site "chessassistantclub.com INT"]
[Date "2004.10.21"]
[Round "?"]
[White "Zaitsev, Mikhail V"]
[Black "Klimenko, Sergey"]
[Result "1-0"]
[WhiteElo "2401"]
[BlackElo "2429"]
[PlyCount "67"]
[EventDate "2004.10.21"]
[EventType "swiss (blitz)"]
[EventRounds "13"]
[EventCountry "RUS"]
[SourceTitle "EXT 2006"]
[Source "ChessBase"]
[SourceDate "2005.11.24"]
[SourceVersion "1"]
[SourceVersionDate "2005.11.24"]
[SourceQuality "1"]

1. d4 Nf6 2. c4 g6 3. Nc3 Bg7 4. e4 d6 5. Nf3 0-0 6. Be2 e5 7. d5 c6 8. h3 Ne8 9. g4 cxd5 10. cxd5 Bd7 11. Bg5 Bf6 12. Be3 Na6 13. a3 Bg7 14. Nd2 Rc8 15. h4 f5 16. gxf5 gxf5 17. exf5 Bxf5 18. Nde4 Nf6 19. Bd3 Nxe4 20. Nxe4 Qa5+ 21. Qd2 Qxd5 22. f3 Kh8 23. Rg1 Bf6 24. Ke2 Nc5 25. Nxc5 Bxd3+ 26. Qxd3 Qf7 27. Ne4 Bxh4 28. Raf1 d5 29. Nd6 Qh5 30. Nxc8 e4 31. Bd4+ Bf6 32. Bxf6+ Rxf6 33. Qd4 exf3+ 34. Kd2 1-0

[Event "RUS-ch U18"]
[Site "Kolontaevo"]
[Date "1998.??.??"]
[Round "?"]
[White "Kosyrev, Vladimir"]
[Black "Zaitsev, Mikhail V"]
[Result "1-0"]
[WhiteElo "2405"]
[BlackElo "2270"]
[PlyCount "47"]
[EventDate "1998.??.??"]
[EventType "swiss"]
[EventRounds "9"]
[EventCountry "RUS"]
[SourceTitle "EXT 2000"]
[Source "ChessBase"]
[SourceDate "1999.11.16"]
[SourceVersion "1"]
[SourceVersionDate "1999.11.16"]
[SourceQuality "1"]

1. d4 d5 2. c4 e6 3. Nc3 c6 4. e3 Nf6 5. Nf3 Nbd7 6. Qc2 Bd6 7. Bd3 0-0 8. 0-0 dxc4 9. Bxc4 Qc7 10. a4 c5 11. a5 a6 12. Bd3 b5 13. axb6 Nxb6 14. Ne4 Nbd7 15. Nxf6+ Nxf6 16. e4 e5 17. d5 a5 18. Nd2 Ba6 19. Bxa6 Rxa6 20. Nc4 Qe7 21. Ra4 Nh5 22. Qe2 g6 23. Nxe5 Raa8 24. Nf3 1-0

[Event "RUS-ch U18"]
[Site "Kolontaevo"]
[Date "1998.??.??"]
[Round "?"]
[White "Zaitsev, Mikhail V"]
[Black "Akbaev, Kazbek"]
[Result "1-0"]
[WhiteElo "2270"]
[BlackElo "2160"]
[PlyCount "111"]
[EventDate "1998.??.??"]
[EventType "swiss"]
[EventRounds "9"]
[EventCountry "RUS"]
[SourceTitle "EXT 2000"]
[Source "ChessBase"]
[SourceDate "1999.11.16"]
[SourceVersion "1"]
[SourceVersionDate "1999.11.16"]
[SourceQuality "1"]

1. d4 Nf6 2. c4 c5 3. d5 b5 4. cxb5 a6 5. e3 d6 6. Nc3 g6 7. Nf3 Bg7 8. Be2 0-0 9. 0-0 Nbd7 10. e4 axb5 11. Bxb5 Ba6 12. Qc2 Ng4 13. Bxa6 Rxa6 14. Bd2 f5 15. h3 Nge5 16. Ng5 Qb6 17. Ne6 Rb8 18. b3 fxe4 19. Nxg7 Kxg7 20. Nxe4 c4 21. bxc4 Rc8 22. Be3 Qb7 23. Qb3 Qa8 24. Bd4 Ra3 25. Qb2 Kg8 26. c5 Nd3 27. Qb5 N7xc5 28. Bxc5 Nxc5 29. Nxc5 Rxc5 30. Qd7 Kf8 31. Rab1 Qc8 32. Rb7 Qxd7 33. Rxd7 Rxd5 34. Re1 e5 35. Rb1 Ra8 36. Rxh7 Rda5 37. Rbb7 Kg8 38. Rbg7+ Kf8 39. Rxg6 d5 40. Rg5 Rxa2 41. Rh8+ Kf7 42. Rxa8 Rxa8 43. Rxe5 Ra1+ 44. Kh2 d4 45. Kg3 d3 46. Rd5 Rd1 47. Kf3 Ke6 48. Rd8 Ke5 49. Ke3 Re1+ 50. Kf3 Rd1 51. h4 d2 52. g3 Kf5 53. Ke2 Ra1 54. Rxd2 Kg4 55. Rd4+ Kf5 56. f3 1-0

[Event "RUS-chJM op"]
[Site "Kolontaevo"]
[Date "1997.??.??"]
[Round "?"]
[White "Iljushin, Alexei"]
[Black "Zaitsev, Mikhail V"]
[Result "1/2-1/2"]
[WhiteElo "2410"]
[BlackElo "2255"]
[PlyCount "113"]
[EventDate "1997.??.??"]
[EventType "swiss"]
[EventRounds "9"]
[EventCountry "RUS"]
[SourceTitle "EXT 2000"]
[Source "ChessBase"]
[SourceDate "1999.11.16"]
[SourceVersion "1"]
[SourceVersionDate "1999.11.16"]
[SourceQuality "1"]

1. d4 d5 2. c4 e6 3. Nf3 dxc4 4. e3 Nf6 5. Bxc4 a6 6. 0-0 c5 7. b3 Nc6 8. Bb2 b5 9. Be2 Bb7 10. a4 b4 11. Nbd2 Be7 12. Nc4 0-0 13. Qc2 Rc8 14. Rad1 Qc7 15. Bd3 cxd4 16. Nxd4 Ne5 17. Qe2 Nxc4 18. Bxc4 Qa5 19. f3 Nd5 20. e4 Nc3 21. Bxc3 bxc3 22. Kh1 Rcd8 23. Qc2 Bg5 24. f4 Bxf4 25. Rxf4 Rxd4 26. Rxd4 Qe5 27. Qxc3 Qxf4 28. h3 Qe5 29. Qd3 a5 30. Rd8 Qc7 31. Rd7 Qc6 32. Rd6 Qxe4 33. Qd2 g6 34. Rb6 Bc6 35. Bf1 Ra8 36. Qc3 Bb7 37. Qc7 Bd5 38. Kh2 Qe3 39. Bc4 Qc5 40. Qf4 Bxc4 41. bxc4 e5 42. Qg4 Rd8 43. Rb5 Qd4 44. Rxa5 e4 45. Qf5 Re8 46. Qd5 Qf6 47. Ra8 Qf4+ 48. Kg1 Rxa8 49. Qxa8+ Kg7 50. Qa5 Qc1+ 51. Kf2 Qxc4 52. Qe5+ Kf8 53. Qd6+ Ke8 54. a5 Qa2+ 55. Ke3 Qxa5 56. Qc6+ Kf8 57. Kxe4 1/2-1/2

[Event "RUS-chJM op"]
[Site "Kolontaevo"]
[Date "1997.??.??"]
[Round "?"]
[White "Turov, Maxim"]
[Black "Zaitsev, Mikhail V"]
[Result "0-1"]
[WhiteElo "2425"]
[BlackElo "2255"]
[PlyCount "86"]
[EventDate "1997.??.??"]
[EventType "swiss"]
[EventRounds "9"]
[EventCountry "RUS"]
[SourceTitle "EXT 2000"]
[Source "ChessBase"]
[SourceDate "1999.11.16"]
[SourceVersion "1"]
[SourceVersionDate "1999.11.16"]
[SourceQuality "1"]

1. e4 c5 2. c3 Nf6 3. e5 Nd5 4. Nf3 e6 5. Bc4 Nc6 6. 0-0 d6 7. d4 cxd4 8. cxd4 Nb6 9. Bb5 a6 10. Bxc6+ bxc6 11. Bg5 f6 12. Bh4 Be7 13. exd6 Bxd6 14. Qc2 Bd7 15. Nc3 0-0 16. Ne4 Be7 17. Nc5 Nd5 18. Rac1 Bxc5 19. Qxc5 Rb8 20. b3 Nb4 21. Qc4 a5 22. Bg3 Rb5 23. a3 Nd5 24. Nd2 Be8 25. Rfe1 Qd7 26. Ne4 Bf7 27. Nc5 Qc8 28. Qd3 Re8 29. Qf3 Bg6 30. Re2 Bf5 31. h3 Rd8 32. Bh2 Re8 33. g4 Bg6 34. Qg3 h6 35. h4 e5 36. dxe5 fxe5 37. Rxe5 Rxe5 38. Qxe5 Qxg4+ 39. Bg3 Rxc5 40. Rxc5 Be4 41. Qd4 Qf3 42. Kf1 Qh1+ 43. Ke2 Bf3+ 0-1